书目信息 |
| 题名: |
人体解剖学图谱及纲要
|
|
| 作者: | 林奇 主编/绘图 | |
| 分册: | ||
| 出版信息: | 北京 北京大学医学出版社 2006 |
|
| 页数: | 470页 | |
| 开本: | 29cm | |
| 丛书名: | ||
| 单 册: | ||
| 中图分类: | R322-64 | |
| 科图分类: | ||
| 主题词: | 人体解剖学--图谱 , 人体解剖学 | |
| 电子资源: | ||
| ISBN: | 7-81071-928-9 | |
| 000 | 00858nam0 2200241 450 | |
| 001 | 003203229 | |
| 005 | 20070804113149.82 | |
| 010 | @a7-81071-928-9@dCNY74.00 | |
| 100 | @a20060210d2006 em y0chiy0110 ea | |
| 101 | 0 | @achi@aeng |
| 102 | @aCN@b110000 | |
| 105 | @aa z 001yy | |
| 200 | 1 | @a人体解剖学图谱及纲要@9ren ti jie pou xue tu pu ji gang yao@dAtlas and sketch outline of human anatomy@e[中英对照]@f林奇主编/绘图@zeng |
| 210 | @a北京@c北京大学医学出版社@d2006 | |
| 215 | @a470页@d29cm | |
| 330 | @a本书包含人体系统解剖学图谱和内容纲要两部分内容,解剖学图谱是本书的主要内容,共有线条图400余幅。 | |
| 510 | 1 | @aAtlas and sketch outline of human anatomy@zeng |
| 606 | 0 | @a人体解剖学@j图谱 |
| 606 | 0 | @a人体解剖学 |
| 690 | @aR322-64@v4 | |
| 701 | 0 | @a林奇@9lin qi@c(医学)@4主编/绘图 |
| 801 | 0 | @aCN@bNLC@c20070804 |
| 905 | @a10447@dR322-64@e192 | |
| 人体解剖学图谱及纲要=Atlas and sketch outline of human anatomy:[中英对照]/林奇主编/绘图.-北京:北京大学医学出版社,2006 |
| 470页;29cm |
| ISBN 7-81071-928-9:CNY74.00 |
| 本书包含人体系统解剖学图谱和内容纲要两部分内容,解剖学图谱是本书的主要内容,共有线条图400余幅。 |
| ● |
| 相关链接 |
|
|
|
|
正题名:人体解剖学图谱及纲要
索取号:R322-64/192
 
预约/预借
| 序号 | 登录号 | 条形码 | 馆藏地/架位号 | 状态 | 备注 |
| 1 | 0803674 | 208036748 | 第二样本阅览室/ [索取号:R322-64/192] | 在馆 | |
| 2 | 0803675 | 208036757 | 第三借阅区/ [索取号:R322-64/192] | 在馆 | |
| 3 | 0803676 | 208036766 | 第三借阅区/ [索取号:R322-64/192] | 在馆 | |
| 4 | 0803677 | 208036775 | 第三借阅区/ [索取号:R322-64/192] | 在馆 | |
| 5 | 0803678 | 208036784 | 教育系资料室/ [索取号:R322-64/192] | 在馆 | |
| 6 | 0803679 | 208036793 | 第三借阅区/ [索取号:R322-64/192] | 在馆 | |
| 7 | 0803680 | 208036800 | 教育系资料室/ [索取号:R322-64/192] | 在馆 | |
| 8 | 0803681 | 208036819 | 教育系资料室/ [索取号:R322-64/192] | 在馆 |